| 000 | nam a22 a 4500 | ||
|---|---|---|---|
| 999 |
_c2928 _d2928 |
||
| 005 | 20170518162600.0 | ||
| 008 | 170518s1986 nyu||||| |||| 00| 0 eng d | ||
| 020 | _a007002300X | ||
| 040 | _aAKMAL | ||
| 082 | _a658 ARN | ||
| 090 |
_a658 _bARN |
||
| 100 |
_aHugh J. Arnold _96134 |
||
| 245 |
_aOrganizational Behavior _cHugh J.ARNOLD, Daniel C. Feldman |
||
| 260 |
_aNew York _bMcGraw-Hill Book Company _c1986 |
||
| 300 |
_a623p _c24cm |
||
| 650 |
_aBehavior _96135 |
||
| 942 |
_2ddc _cBOOK |
||